LES 10 PAYS LES PLUS DANGEREUX DU MONDE. - Statistiques

Statistiques générales
  • Ce quiz a été pris 325 fois
    323 depuis la dernière actualisation
  • Le résultat moyen est 5 sur 10
Statistiques - réponses
RANG PAYS % Correct
2 AFGHANISTAN
74%
7 IRAK
73%
1 SYRIE
70%
6 REPUBLIQUE DEMOCRATIVE DU CONGO
49%
8 SOUDAN
46%
3 YEMEN
45%
4 SOMALIE
43%
5 LIBYE
35%
9 VENEZUELA
35%
10 CENTRE AFRIQUE
26%
Aucun quiz correspondant
Distribution des résultats
% des personnes avec chaque résultat
Percentile par nombre de réponses
Votre historique - résultats
Vous n’avez pas pris ce quiz depuis la dernière actualisation